Thương binh tàn nhưng không phế

সংরক্ষণ করুন:
গ্রন্থ-পঞ্জীর বিবরন
বিন্যাস: গ্রন্থ
ভাষা:Undetermined
প্রকাশিত: Hà Nội Thông Tấn 2007
বিষয়গুলি:
ট্যাগগুলো: ট্যাগ যুক্ত করুন
কোনো ট্যাগ নেই, প্রথমজন হিসাবে ট্যাগ করুন!
Thư viện lưu trữ: Trung tâm Học liệu Trường Đại học Cần Thơ
LEADER 00473nam a2200169Ia 4500
001 CTU_130794
008 210402s9999 xx 000 0 und d
082 |a 650.1 
082 |b Th561 
245 0 |a Thương binh tàn nhưng không phế 
260 |a Hà Nội 
260 |b Thông Tấn 
260 |c 2007 
650 |a Disabled veterans,Success in business 
650 |z Viet Nam 
904 |i Minh 
980 |a Trung tâm Học liệu Trường Đại học Cần Thơ